Loading...
History - World History | 0 | 4 | 0 | 1 | 40 | 28 | 61.50 | 2 | 3 |
History - American History | 0 | 3 | 0 | 0 | 30 | 48 | 54.00 | 1 | 3 |
Fine Arts - Other Fine Arts | 0 | 3 | 0 | 0 | 30 | 42 | 57.00 | 1 | 3 |
Current Events | 0 | 2 | 1 | 1 | 15 | 61 | 79.50 | 0 | 1 |
Literature - British Literature | 0 | 1 | 0 | 0 | 10 | 48 | 48.00 | 1 | 1 |
Painting/Sculpture | 0 | 1 | 0 | 0 | 10 | 39 | 39.00 | 1 | 1 |
Philosophy | 0 | 1 | 0 | 0 | 10 | 32 | 32.00 | 0 | 1 |
Pop Culture | 0 | 1 | 0 | 0 | 10 | 52 | 52.00 | 0 | 1 |
Fine Arts - Classical Music | 0 | 1 | 0 | 0 | 10 | 106 | 106.00 | 0 | 1 |
Geography | 0 | 1 | 0 | 0 | 10 | 91 | 91.00 | 0 | 0 |
History - European History | 0 | 1 | 0 | 0 | 10 | 49 | 49.00 | 0 | 1 |